000 00444nam a22001817a 4500
003 MPLRDC
005 20220104125627.0
008 210129b ||||| |||| 00| 0 eng d
020 _a978-7-208-09319-5
082 _a802.5223 ZLB-2
100 _a周立波
245 _a诙新闻
_c
250 _a一版三刷
260 _a中国
_b上海人民出版社
_c2010
300 _b155
650 _a吴语--俗语
942 _cBK
_o802.5223 ZLB-2
999 _c28862
_d28852